LEADER 01543nam a2200301 u 4500 001 000000011795 003 CaOOAMICUS 005 20100111164931.0 008 940516s1993 gw u000 u ger u 020 $a3402039311 035 $a10289725 040 $aPUL(R)$bita$dMCT 100 1 $aHoffmann, Fritz.$0(OLS)http://pul/name/8206 245 15$aDie "Conferentiae" des Robert Holcot O.P. und die akademischen Auseinandersetzungen an der Universität Oxford 1330-1332 /$cFritz Hoffmann. 260 $aMünster :$bAschendorff,$c1993. 300 $axiii, 135 p. ;$c23 cm 490 1 $aBeiträge zur Geschichte der Philosophie und Theologie des Mittelalters. Texte und Untersuchungen. Neue Folge,$x0067-5024 ;$vBd. 36 500 $aContiene indici. 504 $a"Literaturverzeichnis": p. x-xii. 600 14$aHolcot, Robert,$cO.P.,$dm.1349.$tConferentiae.$0(OLS)http://pul/subject/8922 830 0$aBeiträge zur Geschichte der Philosophie und Theologie des Mittelalters ;$vBd. 36.$0(OLS)http://pul/title/1335 850 $aPUL 852 $aPUL$W1$xSL Religione 2$y84$mTheol A2 44.36$j16649$nBK-PRI$qStampati altre collocazioni$B16649$CPULBib$Z2$F16649 $H69797 $82 941 1 $a10 961 $aINV: 69797 996 $6020$a3402039311$9(OLS)http://pul/number/15071 996 $6245$aDie "Conferentiae" des Robert Holcot O.P. und die akademischen Auseinandersetzungen an der Universität Oxford 1330-1332$9(OLS)http://pul/title/17089 996 $6260$aMünster :$bAschendorff$9(OLS)http://pul/publisher/48290 LEADER 01037nam a2200241 u 4500 001 000000053175 003 CaOOAMICUS 005 20070226115530.0 008 001109s1909 it u000 u ita u 035 $a10860702 040 $aPUL(R)$bita 100 1 $aCannavò Grassi, Sebastiano.$0(OLS)http://pul/name/37851 245 13$aLe glorie dell'Immacolata :$bnovena fervorino e panegirico con esempi recentissimi /$csac. Sebastiano Cannavò Grassi. 250 $a2. ed. 260 $aGiarre, Catania :$bMarconi,$c1909. 300 $a128 p. ;$c19 cm 600 04$aMaria Virgo,$cs.$xPreghiere.$0(OLS)http://pul/subject/22006 850 $aPUL 852 $aPUL$W1$xDP1 Fondo Venturi$y52$m1551 A 11$j70196$nBK-PRI$b $qFondi$B70196$CPULBib$Z2$F70196 $H $81 941 1 $a1 961 $aINV: Fondo Venturi 996 $6245$aLe glorie dell'Immacolata :$bnovena fervorino e panegirico con esempi recentissimi$9(OLS)http://pul/title/71316 996 $6260$aGiarre, Catania :$bMarconi$9(OLS)http://pul/publisher/68506